Štatistická ročenka Slovenskej republiky 2007
Salvato in:
| Ente Autore: | |
|---|---|
| Natura: | Libro |
| Lingua: | slovacco inglese |
| Pubblicazione: |
Bratislava
VEDA, vydavateľstvo SAV
2007
|
| Soggetti: | |
| Tags: |
Nessun Tag, puoi essere il primo ad aggiungerne!!
|
MARC
| LEADER | 00000nam$a2200000$$$4500 | ||
|---|---|---|---|
| 001 | 0070525 | ||
| 005 | 20240104115856.0 | ||
| 020 | |a 978-80-224-0990-2 | ||
| 041 | 0 | |a slo | |
| 041 | 0 | |a eng | |
| 044 | |a SK | ||
| 245 | 1 | 0 | |a Štatistická ročenka Slovenskej republiky 2007 |
| 264 | 1 | |a Bratislava |b VEDA, vydavateľstvo SAV |c 2007 | |
| 300 | |a 688 s. | ||
| 500 | |a Zdroj dokumentu: Štatistický úrad SR | ||
| 610 | 2 | 0 | |a údaje štatistické |
| 610 | 2 | 0 | |a tabuľky štatistické |
| 610 | 2 | 0 | |a hospodárstvo národné |
| 610 | 2 | 0 | |a ukazovatele |
| 610 | 2 | 0 | |a podnebie |
| 610 | 2 | 0 | |a demografia |
| 610 | 2 | 0 | |a štatistika sociálna |
| 610 | 2 | 0 | |a makroekonomika |
| 610 | 2 | 0 | |a podnikanie |
| 610 | 2 | 0 | |a sektory hospodárske |
| 610 | 2 | 0 | |a prostredie životné |
| 610 | 2 | 0 | |a veda |
| 610 | 2 | 0 | |a technika |
| 610 | 2 | 0 | |a kriminalita |
| 610 | 2 | 0 | |a súdnictvo |
| 610 | 2 | 0 | |a nehody |
| 610 | 2 | 0 | |a pohromy živelné |
| 610 | 2 | 0 | |a štatistika medzinárodná |
| 610 | 2 | 0 | |a voľby |
| 610 | 2 | 0 | |a Slovensko |
| 710 | 2 | |a Štatistický úrad Slovenskej republiky | |